000 00571nam a22001577a 4500
999 _c60585
_d60585
005 20230912163030.0
008 230912s1975 tu ||||| |||| 00| 0 tur d
041 _atur
080 _a94(560) B-31
100 _aBayburtluoğlu, Cevdet
_919809
245 _aErythrai:
_bCoğrafya, tarih, kaynaklar, kalıntılar /
_cCevdet Bayburtluoğlu.
264 _aAnkara,
_c1975.
300 _a96 p.:
_bill.:
_c23 cm.
653 _aერითრაი: გეოგრაფია, ისტორია, რესურსები, ნანგრევები
942 _2udc
_cBK